History Quiz

Random History or Europe Quiz

Map Of Europe Quiz Stats

 Plays Quiz not verified by Sporcle

Challenge
Share
Tweet
Embed
Score 0/40 Timer 10:00
0 Plays Today
lawl lawl % Correct
capital of norwayoslo
92.3%
capital of irelanddublin
90%
capital of united kingdomlondon
87.6%
capital of spainmadrid
86.1%
capital of swedenstockholm
84.2%
capital of franceparis
83.7%
capital of portugal lisbon
81.8%
capital of finlandhelsinki
78.9%
capital of germany berlin
76.6%
capital of italy rome
75.6%
capital of greece athens
72.2%
capital of netherlands amsterdam
71.3%
capital of russia moscow
69.9%
capital of belgium brussels
69.4%
capital of austria vienna
68.4%
capital of switzerland bern
67.9%
capital of poland warsaw
65.6%
capital of denmark copenhagen
65.1%
capital of czech republic prague
63.2%
capital of scotlandedinburgh
59.3%
lawl lawl % Correct
capital of hungary budapest
59.3%
capital of ukraine kiev
56.5%
capital of turkeyankara
52.2%
capital of bulgara sofia
51.7%
capital of luxembourghluxembourgh
51.2%
capital of romania bucharest
48.8%
capital of croatia zagreb
42.6%
capital of bularuse minsk
42.6%
capital of bosinia sarajevo
40.2%
capital of estonia tallin
40.2%
capital of albania tirana
38.3%
capital of lithuania vilnius
37.8%
capital of slovakiabratislav
34%
capital of yugoslavia belgrade
33.5%
capital of slovenia ljubljana
31.1%
capital of sicily palermo
23.9%
capital of sardinia cagliari
13.9%
capital of corsica ajaccio
12.9%
capital of andoriaandora la velle
2.9%
capital of latvia viga
1.9%

You're not logged in!

Compare scores with friends on all Sporcle quizzes.
Join for Free
OR
Log In

You Might Also Like...

Show Comments

Extras

Created Apr 19, 2012ReportNominate
Tags:Europe Quiz, map

Top Quizzes Today


Score Distribution

Your Account Isn't Verified!

In order to create a playlist on Sporcle, you need to verify the email address you used during registration. Go to your Sporcle Settings to finish the process.

Report this User

Report this user for behavior that violates our Community Guidelines.

Details: